TF2:Medic - Statistics

General Stats
  • This quiz has been taken 70 times
  • The average score is 7 of 13
Answer Stats
Hint Answer % Correct
main "weapon" medi gun
84%
medical licence? no
82%
main melee weapon bonesaw
78%
type support
71%
health 150
67%
main damage weapon syringe gun
67%
regeneration? yes
61%
special ability ubercharge
53%
name mr.ludwig
33%
speed when healing scouts 133%
24%
job(according to wiki) doctor assisted homicide
18%
motto prepare for your examination
16%
origin sttutgart
16%
No matching quizzes found
Score Distribution
Percent of People with Each Score
Percentile by Number Answered
Your Score History
You have not taken this quiz